El periódico como medio de comunicación colectiva y su estudio interdisciplinario /
Gespeichert in:
| 1. Verfasser: | |
|---|---|
| Format: | Text |
| Schlagworte: | |
| Tags: |
Tag hinzufügen
Keine Tags, Fügen Sie den ersten Tag hinzu!
|
MARC
| LEADER | 00000 a a2200000 04500 | ||
|---|---|---|---|
| 001 | 44151 | ||
| 003 | |||
| 040 | |||
| 100 | |a Jiménez de Ottalengo, Regina | ||
| 245 | |a El periódico como medio de comunicación colectiva y su estudio interdisciplinario / |c Regina Jiménez de Ottalengo | ||
| 650 | |a COMUNICACION | ||
| 650 | |a MEDIOS DE COMUNICACION | ||
| 650 | |a ESCRITURA | ||
| 773 | |g volumen35, número3 ( , 1973), páginas 615-628 | ||
| 999 | |c 31607 |d 31607 | ||
